Allgemeinwissen-Quiz #72 - Statistiken

Allgemein
  • Dieses Quiz wurde 77 mal gespielt
  • Das Durchschnittsergebnis liegt bei 13 aus 20
Antwortstatistiken
Frage Antwort % Korrekt
Auf welchem Bild sehen wir Lavendel?
96%
Welche Pflanze wird traditionell zu Weihnachten unter die Decke gehängt? Mistelzweig
96%
Wie heisst ein gegrillter Fleischspiess der griechischen Küche? Souvlaki
90%
Die übliche Farbe der Klatschmohnblüte ist…? Rot
87%
Was ist das Arbeitsgebiet eines "Profilers"? Kriminalistik
86%
300 g Erdbeeren kosten 1.80 Euro. Wie viel kosten 500 g? 3.00 Euro
84%
Welches dieser Film-Logos wird mit "The Hunger Games" in Verbindung gebracht?
80%
In welchem Jahr ereignete sich der Reichstagsbrand? 1933
71%
Wofür ist die Plattform "Steam" bekannt? Kauf von Computerspielen
67%
Wie heisst die Währung in Iran? Rial
62%
Wer ist seit Oktober 2024 NATO‑Generalsekretär? Mark Rutte
61%
Wenn ich in einer Texas-Hold’em-Runde "Pocket Rockets" habe, welche zwei Karten halte ich dann? Zwei Asse
61%
Auf meiner Reise, startend aus Ghana in Richtung Osten, durchquere ich ein weiteres Land, bevor ich in Benin lande. Welches Land habe ich durchquert? Togo
57%
Ein klosterähnliches Meditationszentrum in Indien ist der ..? Aschram
55%
Wer ist der Sänger der Band "Die Ärzte"? Farin Urlaub
55%
Welches Wortgefüge bezeichnet kein Ärgernis? Stein im Brett
55%
Welcher dieser Namen wird nicht mit der WWE (Wrestling) in Verbindung gebracht? Snakebite
52%
Auf welchem dieser Bilder aus Star Trek ist "Seven of Nine" zu sehen?
43%
Wie wird das höchste Check-Out (170) im Darts auch genannt? Big Fish
43%
Welches dieser Teams hat bereits einen Super Bowl gewonnen?
25%
Keine übereinstimmenden Quizze gefunden
Verteilung der Resultate
Anzahl Personen mit jedem Resultat
Perzentil nach korrekt beantworteten Fragen
Ihre Resultats-Entwicklung
Sie haben dieses Quiz noch nicht gespielt